000 02337cam a22003618a 4500
005 20260322212036.0
008 data
010 _a 2009021456
020 _a9781933045986 (hardcover)
020 _a9780918471826 (pbk.)
020 _a0918471826
040 _aDLC
_cDLC
_dDLC
050 0 0 _aND673.T85
_bA4 2009
092 _a759.93 T85 2009
245 0 0 _aLuc Tuymans /
_cedited by Luc Tuymans ... [et al.].
250 _aHardcover ed.
260 _aNew York :
_bIn association with D.A.P./Distributed Art Publishers,
_aNew York :
_bIn association with D.A.P./Distributed Art Publishers,
_c2009.
300 _a228 p. :
_bcol. ill. ;
_c30 cm.
500 _aPublished on the occasion of an exhibition held at Wexner Center for the Arts, Columbus, Ohio and four other institutions between Sept. 17, 2009 and May 8, 2011.
500 _aCatalog produced by the San Francisco Museum of Modern Art.
504 _aIncludes bibliographical references and index.
505 0 _aDirectors' foreword / Neal Benezra and Sherri Geldin -- Lenders to the exhibition -- Introduction and acknowledgments / by Madeleine Grynsztejn and Helen Molesworth -- Luc Tuymans : painting the banality of evil / by Helen Molesworth -- Monstrance / by Joseph Leo Koerner -- Luc Tuymans : inside the box / by Ralph Rugoff -- Tuymans, cinema, Belgium : a note / by Bill Horrigan -- Plates / with texts by Alison Gass (A.G.), Prudence Peiffer (P.P.), Joshua Shirkey ( J.S.), and Lanka Tattersall (L.T.) -- Catalogue of the exhibition -- Chronology and selected exhibition history -- Selected bibliography -- Index.
600 1 0 _aTuymans, Luc,
_d1958-
_vExhibitions.
700 1 _aTuymans, Luc,
_d1958-
700 1 _aGrynsztejn, Madeleine.
700 1 _aMolesworth, Helen Anne.
710 2 _aSan Francisco Museum of Modern Art.
710 2 _aWexner Center for the Arts.
906 _a7
_bcbc
_corignew
_d1
_eecip
_f20
_gy-gencatlg
925 0 _aacquire
_b2 shelf copies
_xpolicy default
955 _drc15 2009-05-22 to SL
_erc09 2009-05-22 ; to Dewey 2009-05-22
_frc02 2010-02-25 CIP VER to BCCD
_txg21 2010-03-18 copy 2 added
001 data
999 _c850
_d850